| 000 | 01083nam a2200253 i 4500 | ||
|---|---|---|---|
| 001 | 167458 | ||
| 003 | ES-MaACL | ||
| 005 | 20250818173601.0 | ||
| 008 | 991019s1880 sp |||| | spa d | ||
| 080 | _a929 Camões, Luís de | ||
| 100 | 1 |
_aVidart, Luis, _d1833-1897 _eaut _9114538 |
|
| 245 | 1 | 0 |
_aCamoens : _bapuntamientos biográficos / _cpor D. Luis Vidart. |
| 260 |
_aMadrid : _b[s.n.], _c1880 _f(Imp., Estereotipia y Galvanoplastia de Aribau y Cª (Suc. de Rivadeneyra) |
||
| 300 |
_a12 páginas : _b1 retrato ; _c28 cm. |
||
| 530 | _aDisponible en formato digital | ||
| 597 | _aTexto a dos columnas | ||
| 599 | _aRetrato. de Luís de Camões | ||
| 600 | 1 | 4 |
_aCamões, Luís de, _d1524?-1580 _9181622 |
| 852 | 4 |
_aES-MaACL _cDEPOF _gDedicatoria autógrafa del autor _hDonativo de Luis Vidart _jT-390-F-15 _xEnc. en un vol. facticio _xHolandesa |
|
| 856 | 4 |
_uhttp://bdh-rd.bne.es/viewer.vm?id=0000109940&page=1 _yVersión en línea _z(Biblioteca Digital Hispánica) |
|
| 942 |
_2udc _cFOLLETOS _n0 |
||
| 999 |
_c167458 _d167458 |
||